IEEE transactions on military electronics /
| New Title: | IEEE transactions on space electronics and telemetry IEEE transactions on aerospace and navigational electronics IEEE transactions on aerospace IEEE transactions on aerospace and electronic systems |
|---|---|
| Previous Title: | IRE transactions on military electronics |
| Corporate Authors: | , |
| Format: | Journal |
| Language: | English |
| Published: |
New York, N.Y. :
Institute of Electrical and Electronics Engineers,
©1963-©1965.
|
| Subjects: | |
| Online Availability: |
|
MARC
| Tag | First Indicator | Second Indicator | Subfields |
|---|---|---|---|
| LEADER | 00000cas a2200000 a 4500 | ||
| 001 | in00000051824 | ||
| 005 | 20151007074030.0 | ||
| 008 | 800611d19631965nyuqr1p 0 a0eng | ||
| 010 | |a 61037701 | ||
| 016 | 7 | |a 100911160 |2 DNLM | |
| 022 | 0 | |a 0536-1559 | |
| 029 | 1 | |a NLM |b 100911160 | |
| 035 | |a (OCoLC)ocm01752556 | ||
| 035 | |a (OCoLC)01752556 | ||
| 035 | |9 AAF0818AM | ||
| 037 | |b Institute of Electrical and Electronics Engineers, 345 E. 47 St., New York, NY 10017 | ||
| 040 | |a DLC |c MUL |d NSD |d COO |d NSD |d YUS |d RCS |d DLC |d NSD |d NST |d OCL |d NST |d OCL |d NLM |d UtOrBLW | ||
| 042 | |a lc |a nsdp | ||
| 049 | |a TXAM | ||
| 050 | 0 | 0 | |a UG485 |b .I2 |
| 082 | 0 | |a 623/.043 |2 19 | |
| 210 | 0 | |a IEEE trans. mil. electron. | |
| 222 | 0 | |a IEEE transactions on military electronics | |
| 245 | 0 | 0 | |a IEEE transactions on military electronics / |c Professional Technical Group on Military Electronics. |
| 246 | 3 | |a Institute of Electrical and Electronics Engineers transactions on military electronics | |
| 246 | 1 | 0 | |a Transactions on military electronics |
| 246 | 1 | 0 | |a Military electronics |
| 264 | 1 | |a New York, N.Y. : |b Institute of Electrical and Electronics Engineers, |c ©1963-©1965. | |
| 300 | |a 3 volumes : |b illustrations ; |c 28 cm. | ||
| 310 | |a Quarterly | ||
| 336 | |a text |b txt |2 rdacontent | ||
| 337 | |a unmediated |b n |2 rdamedia | ||
| 338 | |a volume |b nc |2 rdacarrier | ||
| 362 | 0 | |a Vol. MIL-7, no. 1 (Jan. 1963)-v. MIL-9, no. 3 and 4 (July/Oct. 1965). | |
| 500 | |a Title from cover. | ||
| 550 | |a Vols. for 1963-Apr. 1964 issued by the Professional Technical Group on Military Electronics of the Institute of Electrical and Electronics Engineers; July 1964-1965 by the IEEE Military Electronics Group. | ||
| 580 | |a Merged with: IEEE transactions on space electronics and telemetry, IEEE transactions on aerospace and navigational electronics, and: IEEE transactions on aerospace, to form: IEEE transactions on aerospace and electronic systems. | ||
| 650 | 0 | |a Electronics in military engineering |v Periodicals. | |
| 710 | 2 | |a Institute of Electrical and Electronics Engineers. |b Professional Technical Group on Military Electronics. | |
| 710 | 2 | |a IEEE Military Electronics Group. | |
| 776 | 0 | 8 | |i Online version: |t IEEE transactions on military electronics |w (OCoLC)185027212 |
| 780 | 0 | 0 | |t IRE transactions on military electronics |x 0096-2511 |w (DLC)sf 84001158 |w (OCoLC)2014359 |
| 785 | 1 | 7 | |t IEEE transactions on space electronics and telemetry |x 0096-2414 |w (DLC) 64003788 |w (OCoLC)1587651 |
| 785 | 1 | 7 | |t IEEE transactions on aerospace and navigational electronics |x 0096-1957 |w (DLC) 57039364 |w (OCoLC)1715539 |
| 785 | 1 | 7 | |t IEEE transactions on aerospace |x 0536-1516 |w (DLC) 63052521 |w (OCoLC)1752467 |
| 785 | 1 | 7 | |t IEEE transactions on aerospace and electronic systems |x 0018-9251 |w (DLC) 79642905 |w (OCoLC) 4935918 |
| 850 | |a DLC |a FU |a InLP |a MnU |a NcD |a NcRS | ||
| 949 | |a Updated |b h |c 2005/8/1 |e mshipova |f 10:15:06 am | ||
| 994 | |a C0 |b TXA | ||
| 999 | |a MARS | ||
| 999 | f | f | |s c36e595a-5909-312c-81cf-1af64b09d583 |i 571b4d9b-7f96-3e18-8144-78d0cf5c51a2 |t 0 |
| 952 | f | f | |p ric |a Texas A&M University |b Rellis Campus |c Joint Library Facility |d Remote Storage |t 0 |e UG485 .I2 |h Library of Congress classification |i unmediated -- volume |k v.MIL 9 |l 1965 |m A14816930757 |
| 952 | f | f | |p ric |a Texas A&M University |b Rellis Campus |c Joint Library Facility |d Remote Storage |t 0 |e UG485 .I2 |h Library of Congress classification |i unmediated -- volume |k v.MIL 7-MIL 9 |l 1963-1964 |m A14832828499 |
| 998 | f | f | |a UG485 .I2 |s v. MIL 7-MIL 9 (1963-1965) |t 0 |l Remote Storage |